logo

INSTRUCCION MILITAR O SEA RECOPILACION DE PENAS MILITARES (Record no. 74405)

MARC details
000 -CABECERA
campo de control de longitud fija 00513nam a2200181Ia 4500
001 - NÚMERO DE CONTROL
campo de control 22743
005 - FECHA Y HORA DE LA ÚLTIMA TRANSACCIÓN
campo de control 20260414093233.0
008 - CÓDIGOS DE INFORMACIÓN DE LONGITUD FIJA
campo de control de longitud fija 260115s9999 xx 000 0 und d
035 ## - NÚMERO DE CONTROL DEL SISTEMA
Número de control de sistema 13979
090 ## - LOCALMENTE ASIGNADO TIPO-LC NÚMERO DE CLASIFICACIÓN (OCLC); NÚMERO DE CLASIFICACIÓN LOCAL (RLIN)
Número de clasificación (OCLC) (R) ; Numero de clasificación CALL (RLIN) (NR) 344.1
100 ## - PUNTO DE ACCESO PRINCIPAL - NOMBRE DE PERSONA
Nombre de persona INSTRUCCION
245 #0 - MENCIÓN DE TÍTULO
Título INSTRUCCION MILITAR O SEA RECOPILACION DE PENAS MILITARES
260 ## - PUBLICACIÓN, DISTRIBUCIÓN, ETC. (PIE DE IMPRENTA)
Lugar de publicación distribución etc. MADRID
Nombre del editor distribuidor etc. REPULLES S.A.
Fecha de publicación distribución etc. 1825
630 ## - PUNTO DE ACCESO ADICIONAL DE MATERIA--TÍTULO UNIFORME
Título uniforme DERECHO LEGISLACION JURISPRU.
650 ## - PUNTO DE ACCESO ADICIONAL DE MATERIA--TÉRMINO DE MATERIA
Término de materia o nombre geográfico como elemento inicial DERECHO PENAL MILITAR
942 ## - ELEMENTOS DE PUNTO DE ACCESO ADICIONAL (KOHA)
Tipo de ítem Koha Monografías
901 ## - ELEMENTOS DE DATOS A LOCAL LDA (RLIN)
a FH
b FH
y BK
p SEH_22743
i 19442
j 344.1
c MUSEO
t 1
x 1
Holdings
Estado de retiro Estado de pérdida Estado dañado No para préstamo Localización permanente Ubicación/localización actual Ubicación en estantería Fecha de adquisición Número de inventario Número de control en estantería Número de registro Total de préstamos Código de barras Fecha visto por última vez Número de copia Precio válido a partir de Tipo de ítem Koha
        Servicio de Estudios Históricos Servicio de Estudios Históricos   14/04/2026 19442 127 19442   SEH_22743 14/04/2026 1 14/04/2026 Monografías